| 000 | 00459nam a2200145Ia 4500 | ||
|---|---|---|---|
| 005 | 20260328101524.0 | ||
| 008 | 260328s9999||||xx |||||||||||||| ||und|| | ||
| 100 | _aSierralta Jorquera, Carlos Raúl | ||
| 245 | 0 |
_aEfectos Sociales de la segregación Residencial : _b Los jóvenes de Santiago de Chile 1992-2002 / _cCarlos Raúl Sierralta Jorquera |
|
| 250 | _a1a ed. | ||
| 260 | _bInfonavit / Redalyc | ||
| 300 | _a181 p. | ||
| 650 | _aURBANISMO | ||
| 942 | _cBK | ||
| 999 |
_c9698 _d9698 |
||